000 00669nam a22001937a 4500
999 _c168736
_d168736
005 20191023111452.0
010 _aUR-10548
020 _c115.00
_a8180883507
035 _aU-9103
037 _bDBAD/PUB
_a-
082 _a270
100 _aمحمد يو سف ا صلا حی
245 _aآ د ا ب ز ند گی
_cمحمد يو سف ا صلا حی
246 _bAadabe Zindagi (Urdu)
_aby Mohd.Yusuf Islahi
260 _aN.Delhi
_bMerkazi Maktaba Islami Publishers
_c2016 ء
270 _aD-307,Dawat Nagar,Abulfazal Enclave, Jamia Nagar,
_bN.Delhi
_e110025
_k26981652
_l-
300 _a368 ص
_c22 Cm(Hb)
942 _2ddc
_cUR
_h270
_mم ح م